Quizzes
Events
Quiz Creation
Community
Videos
Private Events
Remove Ads
Sign In
Join for FREE
Feedback
Dark Mode
Quiz Categories
Sports
Geography
Music
Movies
Television
Just For Fun
Miscellaneous
History
Literature
Language
Science
Gaming
Entertainment
Religion
Holiday
For Kids
Quiz Lab
Recent
Popular Today
Quiz Kudos Today
Editor Picks
Curator Picks
Quizzes by...
Day
Popularity
Type
Ratings
Length
Year
Community
Subscriptions
Recent Discussions
Orange Saloon
Badges
Playlists
Quests
Create
Leaderboards
Showdown
Live 5
Trivia Bingo
Activity
Puzzle Library
Sporcle Events
Private Events
Virtual Trivia
Globe League
Become a Host
Pub Owners
SporcleCon
Opinionation
Our Games
Videos
Blog
Mobile Apps
Partnerships
Remove Ads and Go Orange
Feedback
Sports
Athletes
MLB
NBA
NHL
NFL
Soccer
Sports Teams
WWE
NCAA
Football
Premier League
Basketball
Baseball
Hockey
Golf
Tennis
Cricket
Rugby
Auto Racing
Olympics
World Cup
Sports
Athletes
MLB
NBA
NHL
NFL
Soccer
Sports Teams
WWE
NCAA
Football
Premier League
Basketball
Baseball
Hockey
Golf
Tennis
Cricket
Rugby
Auto Racing
Olympics
World Cup
Random Quiz
Search Sporcle
×
Quiz Lab
Quiz Lab
Sports
team
Type in answers that appear in a list
Type in answers that appear in a list
Classic
Best Score? Go Orange.
1994 Survivor Series Teams Stats
Can you name the 1994 Survivor Series teams?
By
leper73
5m
28 Questions
201 Plays
201 Plays
201 Plays
Comments
Comments
Give Quiz Kudos
Give Quiz Kudos
-
- Ratings
hide this ad
Replay
Link that replays current quiz
Next Quiz
Link to next quiz in quiz playlist
You Got
0%
They Got
Avg Score
69%
Avg Friend Score
Upgrade to see
Score Distribution
Jump to the score distribution portion of the page
Score
0/28
Timer
05:00
0
Plays Today
Team
Wrestler
% Correct
Clowns R Us
Doink
95.5%
Clowns R Us
Dink
91.5%
The Bad Guys
Razor Ramon
91%
The Royal Family
Jerry Lawler
86.6%
The Teamsters
Shawn Michaels
86.1%
The Teamsters
Diesel
85.1%
Guts & Glory
Lex Luger
84.1%
The Teamsters
Owen Hart
82.1%
Clowns R Us
Pink
80.6%
The Bad Guys
1-2-3 Kid
79.1%
Million Dollar Team
Tatanka
76.6%
Clowns R Us
Wink
74.6%
The Bad Guys
British Bulldog
74.1%
Million Dollar Team
Bam Bam Bigelow
71.6%
Team
Wrestler
% Correct
The Teamsters
Jeff Jarrett
71.1%
Million Dollar Team
King Kong Bundy
67.2%
The Royal Family
Cheesy
66.2%
The Royal Family
Sleazy
64.7%
Guts & Glory
Mabel
62.2%
The Bad Guys
Fatu
59.7%
The Teamsters
Jim Neidhart
59.2%
Guts & Glory
Billy Gunn
56.7%
Guts & Glory
Bart Gunn
55.7%
The Royal Family
Queasy
53.2%
Guts & Glory
Adam Bomb
51.2%
Million Dollar Team
Jimmy Del Ray
47.8%
Million Dollar Team
Tom Prichard
42.8%
The Bad Guys
Sionne
40.8%
Quiz Playlist
Details
Report
Send in Message
Add To Playlist
Classic:
Type in answers that appear in a list
Quiz Source
Last Updated: Feb 16, 2017
Quiz Scoreboard
CHALLENGE
Sign Up to Join the Scoreboard
Show All
Scores
Hide
Comments
May contain spoilers
Recently Published
Movies - When Are They Set?
by FPL_Elf
Movies
5m
Popular People in 1961
by mucciniale
History
6m
1-10 Letter E Words III
by El_Dandy
Language
2m
More to Explore
Quiz From the Vault
Featured Blog Post
Where Did the Easter Bunny Come From?
hide this ad
You Might Also Like...
Tags
1994
Survivor
team
Wrestlers
Today's Top Quizzes in Sports
Browse Sports
hide this ad
Today's Top Quizzes in team
Browse team
Top Contributed Quizzes in Sports
1
Les meilleurs buteurs des matchs entre le PSG et l’OM
2
FIFA Club World Cup Champions
3
Les entraîneurs de l'OM et du PSG au 21e siècle
4
2022 World Cup Stars
5
Name the Premier League winners with different clubs
6
La finale Lions - Afrique du Sud 2021
7
Criteria MLB: Left Handed Sluggers
8
Les joueurs passés par le LOSC et le RC Lens
9
Players with Multiple 50 Home Run Seasons
10
MLB Players with Two .350 Batting Average Seasons
Explore More
Trending Topics
Harry Potter
NBA
Crossword
Disney
Anime
Kpop
Marvel
NFL
The Office
Soccer
Puzzle
Song
WWE
Country
Pokémon
hide this ad
More By:
leper73
Quiz
Plays
Rating
Category
Featured
Created
Baseball Movies by MLB Team
31,002
4.79
Movies
Sep 30, 2022
Arab Flags Multiple Choice
22,094
4.69
Geography
Feb 20, 2023
Cobra Kai Members
6,527
3.43
Entertainment
May 31, 2018
Street Fighter Countries
5,822
3.43
Gaming
Sep 21, 2011
WWE Superstars' Nationalities
4,703
2.58
Sports
Jan 29, 2011
Go to Creator's Profile
Score Distribution
Quiz Creator Spotlight
leper73
Follow
Send a Message
Quizzes Created
-
Created Quiz Play Count
-
More By This Creator
Popular Quizzes Today
1
Find the Countries of Europe - No Outlines Minefield
2
Find the US States - No Outlines Minefield
3
The Countries of the World
4
Popular People in 1961
5
1-10 Letter E Words III
6
US States
7
Find the US States
8
One Thing in Common: World Cities II
More Sports Quizzes
NFL Quaterbacks drafted '00-'09
Quiz Lab
Trending Quizzes
Risky Map Clicking: Least Populous States A-Z
1-10 Letter F Words
Humor Books: The Subtitles
1-10 Letter G Words
One Thing in Common: United Kingdom
Recently Updated
Leaping Animals
pecheneg
Reality TV Shows (A-Z)
bhenderson79
Rickey Henderson's Hall of Fame Teammates
pecheneg
Champions League XIs: Arsenal
pecheneg
Quick Pick: Celebrities in WWE's Hall of Fame
aduchscher
A-Z Keypad Blitz II
pecheneg
Multiple Oscar Actors
pecheneg
Mystery Phrase Blitz: Oscar 'Best Actors'
pecheneg
F. Scott Fitzgerald Novels
LTH
Pick 3 Villains
ddd62291
Trending Topics
Crossword
Disney
Marvel
NBA
Kpop
Anime
Harry Potter
WWE
Pokémon
Country
Soccer
Puzzle
Song
The Office
NFL
Your Account Isn't Verified!
In order to create a playlist on Sporcle, you need to verify the email address you used during registration. Go to your
Sporcle Settings
to finish the process.
Report this User
Report this user for behavior that violates our
Community Guidelines
.
Details:
Send Report
Go to the Sporcle.com Mobile Site →
Comments